Theonas o las conversaciones de un sabio y dos filosofos sobre materias desigualmente actuales

Gardado en:
Detalles Bibliográficos
Autor Principal: Maritain, Jacques (autor)
Formato: Libro
Idioma:Lingua castelá
Publicado: Buenos Aires Santa Catalina 1935
Series:Biblioteca de Doctrina Católica, 17
Subjects:
Tags: Engadir etiqueta
Sen Etiquetas, Sexa o primeiro en etiquetar este rexistro!

MARC

LEADER 00000nam a2200000 a 4500
001 UCH2947
003 CL-VaPUC
008 090709e19350000AG |||||||||||||||||spa|d
082 0 4 |a 194  |b MAR  |2 21 
100 |a Maritain, Jacques  |e autor  |9 255680 
245 1 0 |a Theonas o las conversaciones de un sabio y dos filosofos sobre materias desigualmente actuales 
300 |a 198 p 
942 |c BK 
945 |d 20090709 00:00:00  |a rbrito 
260 |a Buenos Aires  |b Santa Catalina  |c 1935 
650 0 |a Filosofía cristiana   |9 265980 
650 0 |a Filosofía francesa   |9 255698 
650 0 |a Humanismo cristiano  |9 257489 
583 |a last modification  |c 20090709 00:00:00  |k Rodrigo Vera 
490 0 |a Biblioteca de Doctrina Católica, 17 
999 |c 334606  |d 334604 
952 |0 0  |1 0  |4 0  |6 194_000000000000000_MAR_1935  |7 0  |8 X  |9 423717  |a FDOBUD  |b FDOBUD  |d 2019-11-22  |i 4567919  |o 194 MAR 1935  |p 4567919  |r 2019-11-22  |w 2019-11-22  |y BK_X  |k BUD